Greek Mythology Minor Gods - Statistics

General Stats
  • This quiz has been taken 209 times
  • The average score is 7 of 10
Answer Stats
Hint Minor God % Correct
Goddess of Victory Nike
96%
Queen of the Underworld, Wife of Hades Persephone
96%
Goddess of Discord, Threw the Golden Apple Eris
95%
God of Love, Roman Version is Cupid, Shoots a Bow to Make People Fall in Love Eros
94%
Goddess of Rainbows Iris
89%
Goddess of the Soul, Spouse of Eros Psyche
67%
God of Medicine and Healing, Resurrected Three People, Killed By Zeus, Turned Immortal Asclepius
59%
Was Turned Into an Immortal Tree After Being Pursued by Apollo Daphne
55%
Sea Nymph, Mother of Achilles, Raised Hephaestus when Hera Threw Him Off Olympus Thetis
51%
God of Shepards, Cheesemaking, Honey, Olive Growing, Beekeeping, Oil Milling, and Hunting Aristaeus
14%
No matching quizzes found
Score Distribution
Percent of People with Each Score
Percentile by Number Answered
Your Score History
You have not taken this quiz